Quizzes
Events
Quiz Creation
Community
Videos
Private Events
Remove Ads
Sign In
Join for FREE
Feedback
Dark Mode
Quiz Categories
Sports
Geography
Music
Movies
Television
Just For Fun
Miscellaneous
History
Literature
Language
Science
Gaming
Entertainment
Religion
Holiday
For Kids
Quiz Lab
Recent
Popular Today
Quiz Kudos Today
Editor Picks
Curator Picks
Quizzes by...
Day
Popularity
Type
Ratings
Length
Year
Community
Subscriptions
Recent Discussions
Orange Saloon
Badges
Playlists
Quests
Create
Leaderboards
Showdown
Live 5
Trivia Bingo
Activity
Puzzle Library
Sporcle Events
Private Events
Virtual Trivia
Globe League
Become a Host
Pub Owners
SporcleCon
Opinionation
Our Games
Videos
Blog
Mobile Apps
Partnerships
Remove Ads and Go Orange
Feedback
Sports
Athletes
MLB
NBA
NHL
NFL
Soccer
Sports Teams
WWE
NCAA
Football
Premier League
Basketball
Baseball
Hockey
Golf
Tennis
Cricket
Rugby
Auto Racing
Olympics
World Cup
Sports
Athletes
MLB
NBA
NHL
NFL
Soccer
Sports Teams
WWE
NCAA
Football
Premier League
Basketball
Baseball
Hockey
Golf
Tennis
Cricket
Rugby
Auto Racing
Olympics
World Cup
Random Quiz
Search Sporcle
×
Quiz Lab
Quiz Lab
Sports
MLB
Type in answers that appear in a list
Type in answers that appear in a list
Classic
Best Score? Go Orange.
2010 MLB RBI Leaders Stats
Can you name the top 50 performers in RBI in both leagues in MLB in the 2010 season?
By
mrihner
6m
50 Questions
281 Plays
281 Plays
281 Plays
Comments
Comments
Give Quiz Kudos
Give Quiz Kudos
-
- Ratings
hide this ad
Replay
Link that replays current quiz
Next Quiz
Link to next quiz in quiz playlist
You Got
0%
They Got
Avg Score
73%
Avg Friend Score
Upgrade to see
Score Distribution
Jump to the score distribution portion of the page
Score
0/50
Timer
06:00
0
Plays Today
RBI
Player
% Correct
118
Albert Pujols
97.2%
126
Miguel Cabrera
96.8%
125
Alex Rodriguez
96.4%
124
Jose Bautista
95.7%
117
Carlos Gonzalez
95%
113
Joey Votto
95%
108
Ryan Howard
95%
101
Adrian Gonzalez
94.7%
88
Alex Gonzalez
94.7%
100
Josh Hamilton
93.6%
103
Ryan Braun
91.8%
109
Robinson Cano
91.5%
111
Paul Konerko
91.1%
108
Mark Teixeira
91.1%
104
Evan Longoria
90.7%
103
David Wright
87.9%
112
Delmon Young
86.8%
103
Adam Dunn
86.8%
91
Michael Young
86.8%
91
Chris Young
86.5%
103
Matt Holliday
86.1%
102
David Ortiz
84.3%
115
Vladimir Guerrero
82.2%
105
Dan Uggla
81.5%
89
Matt Kemp
79.7%
RBI
Player
% Correct
95
Troy Tulowitzki
79%
102
Adrian Beltre
77.6%
85
Ryan Zimmerman
76.5%
85
Mark Reynolds
74%
89
Carlos Lee
73.3%
85
Jayson Werth
70.5%
90
Carl Crawford
69.8%
88
Vernon Wells
69.8%
90
Torii Hunter
69.4%
89
Nick Swisher
69.4%
102
Corey Hart
68.7%
90
Shin-Soo Choo
65.5%
92
Jason Kubel
65.1%
91
Hunter Pence
64.1%
86
Aubrey Huff
62.6%
88
James Loney
51.6%
86
Garrett Jones
47.3%
100
Adam LaRoche
45.9%
87
Carlos Quentin
44.8%
88
Alexis Rios
39.9%
104
Casey McGehee
37.7%
84
Hideki Matsui
33.1%
85
Gaby Sanchez
30.2%
85
Juan Uribe
29.9%
86
Jonny Gomes
22.4%
Quiz Playlist
Details
Report
Send in Message
Add To Playlist
Classic:
Type in answers that appear in a list
Quiz Source
Last Updated: Feb 16, 2017
Quiz Scoreboard
CHALLENGE
Sign Up to Join the Scoreboard
Show All
Scores
Hide
Comments
May contain spoilers
Recently Published
Movies - When Are They Set?
by FPL_Elf
Movies
5m
Popular People in 1961
by mucciniale
History
6m
1-10 Letter E Words III
by El_Dandy
Language
2m
More to Explore
Quiz From the Vault
Featured Blog Post
Where Did the Easter Bunny Come From?
hide this ad
You Might Also Like...
Tags
Baseball Quiz
MLB Quiz
2010
rbi
RBI Leaders
Today's Top Quizzes in Sports
Browse Sports
hide this ad
Today's Top Quizzes in MLB
Browse MLB
Top Contributed Quizzes in Sports
1
Les meilleurs buteurs des matchs entre le PSG et l’OM
2
Les entraîneurs de l'OM et du PSG au 21e siècle
3
FIFA Club World Cup Champions
4
2022 World Cup Stars
5
Name the Premier League winners with different clubs
6
La finale Lions - Afrique du Sud 2021
7
Criteria MLB: Left Handed Sluggers
8
Players with Multiple 50 Home Run Seasons
9
MLB Players with Two .350 Batting Average Seasons
10
MLB Hall of Famer by Rings
Explore More
Trending Topics
Marvel
Anime
Disney
Harry Potter
NBA
Crossword
Kpop
Puzzle
Pokémon
Soccer
Song
WWE
The Office
NFL
Country
hide this ad
More By:
mrihner
Quiz
Plays
Rating
Category
Featured
Created
Family Guy Cutaway Gag Trivia 2
3,953
4.50
Television
Dec 5, 2010
St. Louis Cardinals All-Stars
3,329
4.75
Sports
Nov 13, 2010
2009-10 Top NBA Scorers
3,099
4.13
Sports
Nov 15, 2010
Family Guy Cutaway Gag Trivia
776
4.25
Television
Nov 29, 2010
Iowa Hawkeyes All-Big Ten First Teamers
667
Sports
Oct 23, 2010
Go to Creator's Profile
Score Distribution
Quiz Creator Spotlight
mrihner
Follow
Send a Message
Quizzes Created
-
Created Quiz Play Count
-
More By This Creator
Popular Quizzes Today
1
Find the US States - No Outlines Minefield
2
Find the Countries of Europe - No Outlines Minefield
3
The Countries of the World
4
Popular People in 1961
5
1-10 Letter E Words III
6
US States
7
Find the US States
8
One Thing in Common: World Cities II
More Sports Quizzes
Go with the Flow: MLB
Curator's Pick
Trending Quizzes
Risky Map Clicking: Least Populous States A-Z
1-10 Letter F Words
1-10 Letter G Words
One Thing in Common: United Kingdom
Risky Map Clicking: Next State Alphabetically
Recently Updated
Leaping Animals
pecheneg
Reality TV Shows (A-Z)
bhenderson79
Rickey Henderson's Hall of Fame Teammates
pecheneg
Champions League XIs: Arsenal
pecheneg
Quick Pick: Celebrities in WWE's Hall of Fame
aduchscher
A-Z Keypad Blitz II
pecheneg
Multiple Oscar Actors
pecheneg
Mystery Phrase Blitz: Oscar 'Best Actors'
pecheneg
F. Scott Fitzgerald Novels
LTH
Pick 3 Villains
ddd62291
Trending Topics
Kpop
Disney
Marvel
Harry Potter
NBA
Anime
Crossword
Pokémon
NFL
Country
Song
Puzzle
WWE
The Office
Soccer
Your Account Isn't Verified!
In order to create a playlist on Sporcle, you need to verify the email address you used during registration. Go to your
Sporcle Settings
to finish the process.
Report this User
Report this user for behavior that violates our
Community Guidelines
.
Details:
Send Report
Go to the Sporcle.com Mobile Site →
Comments